00419nam a2200169Ia 4500008004000000020001800040041000800058082001700066100002500083245003800108260004300146300001100189650001400200650001300214650001100227650001100238210210b2020 xxu||||| |||| 00| 0 eng d a9789383427857 aeng a362.83K SHAL aSHANKAR RAO (Cha Na) aLingatva samanyayabGender Equity aMangalorebJai Bharat prakashanac2020 aiv,171 asamanyaya aLingatva aGender aEquity